000 00925nam a2200241Ia 4500
003 Ost
005 20260507075735.0
008 260507s9999||||xx |||||||||||||| ||und||
020 _a9960243869
040 _cfsecg
041 _aara
082 _a658.049
100 _aأحمد، أحمد عبد الرحمان
_eمؤلف
245 0 _aمدخل إلى إدارة الأعمال الدولية /
_c أحمد عبد الرحمان أحمد
250 _aطبعة 2
260 _aالرياض:
_bدار المريخ,
_c2001
300 _a462 صفحة؛
_bإيضاحات ؛
_c24 سم
504 _aببلوغرافيا: ص.437 المصطلحات ص.447
520 _aمقدمة وخلفية اقتصادية-بيئة إدارة الأعمال الدولية-تنظيم ووظائف الأعمال الدولية
653 _aإدارة الأعمال
653 _aالشركات الدولية
942 _cكتاب
999 _c46076
_d46076